People and organizations (Record no. 53289)

MARC details
000 -LEADER
fixed length control field 00788nam a2200217 a 4500
008 - FIXED-LENGTH DATA ELEMENTS--GENERAL INFORMATION
fixed length control field 120416s1981 ||||||||||||||||| || u
020 ## - INTERNATIONAL STANDARD BOOK NUMBER
International Standard Book Number 0256024235
050 ## - LIBRARY OF CONGRESS CALL NUMBER
Classification number HD 58.7 Dit
100 ## - MAIN ENTRY--PERSONAL NAME
Personal name Zawacki, Robert A
245 10 - TITLE STATEMENT
Title People and organizations
246 ## - VARYING FORM OF TITLE
Title proper/short title cases in management and organizational behaviour
260 ## - PUBLICATION, DISTRIBUTION, ETC.
Place of publication, distribution, etc. Plano, Texas
Name of publisher, distributor, etc. Business Publications Irwin-Dorsey
Date of publication, distribution, etc. 1981
300 ## - PHYSICAL DESCRIPTION
Extent xxii, 324p. : ill
350 ## - PRICE (NR) (BK AM CF MU VM SE) [OBSOLETE]
Price 0.00
500 ## - GENERAL NOTE
General note Includes bibliographies.
650 #0 - SUBJECT ADDED ENTRY--TOPICAL TERM
Topical term or geographic name entry element MANAGEMENT
650 ## - SUBJECT ADDED ENTRY--TOPICAL TERM
Topical term or geographic name entry element Organizational behavior--Case studies
650 ## - SUBJECT ADDED ENTRY--TOPICAL TERM
Topical term or geographic name entry element MANAGEMENT--CASE STUDIES
700 ## - ADDED ENTRY--PERSONAL NAME
Personal name Dittrich, John E
995 ## - RECOMMENDATION 995 [LOCAL, UNIMARC FRANCE]
-- 0.00
-- CBU-MAIN LIBRARY (Kitwe)
-- 1
-- 18.95
-- 1
-- AVAILABLE
-- Main Library Open Access Collection
Holdings
Withdrawn status Lost status Source of classification or shelving scheme Damaged status Not for loan Home library Current library Shelving location Date acquired Total Checkouts Full call number Barcode Date last seen Price effective from Koha item type
          CBU-MAIN LIBRARY, KITWE. CBU-MAIN LIBRARY, KITWE.   11/30/2022   HD 58.7 Dit 003590 11/30/2022 11/30/2022 MONOGRAPH